Top Premier League Scorers 2022/23 - Statistics

General Stats
  • This quiz has been taken 248 times
  • The average score is 14 of 23
Answer Stats
Goals Club Answer % Correct
36 Manchester City Erling Haaland
100%
30 Tottenham Hotspur Harry Kane
96%
19 Liverpool Mohamed Salah
96%
14 Arsenal Bukayo Saka
88%
10 Tottenham Hotspur Son Heung-min
82%
10 Newcastle United Alexander Isak
80%
17 Manchester United Marcus Rashford
79%
15 Aston Villa Ollie Watkins
73%
20 Brentford Ivan Toney
72%
11 Arsenal Gabriel Jesus
70%
15 Arsenal Gabriel Martinelli
67%
15 Arsenal Martin Ødegaard
67%
11 Manchester City Phil Foden
66%
18 Newcastle United Callum Wilson
52%
14 Fulham Aleksandar Mitrović
50%
10 Crystal Palace Eberechi Eze
48%
11 Liverpool Roberto Firmino
42%
10 Leicester City James Maddison
38%
11 Newcastle United Miguel Almirón
31%
13 Leicester City Harvey Barnes
26%
13 Leeds United Rodrigo
26%
10 Nottingham Forest Taiwo Awoniyi
20%
10 Brighton & Hove Albion Alexis Mac Allister
17%
No matching quizzes found
Score Distribution
Percent of People with Each Score
Percentile by Number Answered
Your Score History
You have not taken this quiz